Catalog

Record Details

Catalog Search



Church dogmatics = = Die kirchliche Dogmatik, III: Die Lehre von der Versöhnung Vol. 4/3b The doctrine of reconciliation Cover Image Book Book

Church dogmatics = = Die kirchliche Dogmatik, III: Die Lehre von der Versöhnung by Karl Barth Vol. 4/3b The doctrine of reconciliation

Barth, Karl (Author).

Record details

  • Physical Description: 963 p.
  • Publisher: Edinburgh T. and T. Clark 1962

Available copies

  • 1 of 1 copy available at Common Catalog SPOK.

Holds

  • 0 current holds with 1 total copy.
Show All Copies
Location Call Number / Copy Notes Barcode Shelving Location Status Due Date
ETS Library 230.044 424470006225 Volný výběr Available -

LDR 00759nam a2 00241
00136014
003CZ-PrJAB
00520031210000000.0
008011129s1962 xxk e |||| |eng
009gb
035 . ‡a(CONS)4129
035 . ‡aKPS10239
040 . ‡aABG450
041 . ‡aeng ‡hger
08214. ‡a230.044
100 . ‡71838 ‡aBarth, Karl
245 . ‡aChurch dogmatics = ‡b= Die kirchliche Dogmatik, III: Die Lehre von der Versöhnung ‡cby Karl Barth ‡nVol. 4/3b ‡pThe doctrine of reconciliation
260 . ‡aEdinburgh ‡bT. and T. Clark ‡c1962
300 . ‡a963 p.
490 . ‡aChurch dogmatics
653 . ‡aChurch dogmatics ‡aThe doctrine of reconciliation
8524 . ‡bETS ‡bETS ‡cVolný výběr ‡j230.044 ‡gP ‡p424470006225 ‡xreference
910 . ‡aABG450
999 . ‡a4129 ‡bAUTOGEN ‡c4129 ‡tbiblio
905 . ‡uadmin
901 . ‡a36014 ‡b ‡c36014 ‡tbiblio ‡sets

Additional Resources